[Event "Krakow op-A 34th"]
[Site "Krakow"]
[Date "2023.12.27"]
[Round "1"]
[White "Biesiadecki, Adam"]
[Black "Klepek, Witold"]
[Result "1/2-1/2"]
[WhiteElo "2102"]
[BlackElo "2252"]
[PlyCount "80"]
[EventDate "2023.12.27"]
[EventType "swiss"]
[EventRounds "9"]
[EventCountry "POL"]
[SourceTitle "CB02_2024"]
[SourceDate "2024.01.10"]
[SourceVersion "1"]
[SourceVersionDate "2024.01.10"]
[SourceQuality "1"]

1. d4 Nf6 2. c4 c5 3. d5 e6 4. Nc3 exd5 5. cxd5 d6 6. e4 g6 7. f4 Bg7 8. Bb5+ Nfd7 9. a4 Na6 10. Nf3 Nb4 11. 0-0 0-0 12. Re1 a6 13. Bf1 f5 14. e5 Re8 15. e6 Nf6 16. Be3 h6 17. Bf2 b6 18. Bh4 Bb7 19. Bc4 Qc7 20. Qd2 Nh7 21. h3 Bf6 22. Rf1 Qg7 23. Bxf6 Nxf6 24. Rae1 Re7 25. Kh2 b5 26. axb5 axb5 27. Nxb5 Ne4 28. Rxe4 fxe4 29. Nh4 e3 30. Qxe3 Qf6 31. f5 Nxd5 32. Bxd5 Bxd5 33. Nxg6 Rb7 34. Nc3 Bc6 35. Ne4 Qd4 36. Qxd4 cxd4 37. Nf6+ Kg7 38. Nh5+ Kh7 39. Rf4 Rxb2 40. Rg4 Bf3 1/2-1/2

[Event "Warsaw Najdorf Memorial op-A"]
[Site "Warsaw"]
[Date "2023.07.18"]
[Round "8"]
[White "Kowalczyk, Rafal"]
[Black "Biesiadecki, Adam"]
[Result "1-0"]
[WhiteElo "2173"]
[BlackElo "2015"]
[PlyCount "83"]
[EventDate "2023.07.11"]
[EventType "swiss"]
[EventRounds "9"]
[EventCountry "POL"]
[SourceTitle "EXT 2024"]
[Source "ChessBase"]
[SourceDate "2023.10.10"]
[SourceVersion "1"]
[SourceVersionDate "2023.10.10"]
[SourceQuality "1"]

1. e4 c5 2. Nf3 Nc6 3. d4 cxd4 4. Nxd4 e5 5. Nb5 d6 6. c4 a6 7. N5a3 Be7 8. Nc3 Be6 9. Nc2 Nf6 10. Be2 0-0 11. 0-0 Rc8 12. Be3 Na5 13. b3 b5 14. Nd5 Bxd5 15. exd5 bxc4 16. b4 Nb7 17. Na3 a5 18. Nxc4 axb4 19. Rb1 Nc5 20. Rxb4 Na6 21. Rb1 Nc7 22. Nb6 Rb8 23. a4 Ne4 24. Qc2 Nc5 25. a5 f5 26. f3 f4 27. Bf2 Na8 28. Nc4 Qc7 29. Rfc1 Rfc8 30. Rxb8 Rxb8 31. Rb1 Na6 32. Rxb8+ Nxb8 33. Bd3 g6 34. h4 Na6 35. Bxg6 hxg6 36. Qxg6+ Kf8 37. h5 Qd8 38. h6 Bf6 39. Bh4 Bxh4 40. Qg7+ Ke8 41. h7 Be1 42. h8Q# 1-0

[Event "Warsaw Najdorf Memorial op-A"]
[Site "Warsaw"]
[Date "2023.07.15"]
[Round "5"]
[White "Flaata, Alexander R"]
[Black "Biesiadecki, Adam"]
[Result "0-1"]
[WhiteElo "2068"]
[BlackElo "2015"]
[PlyCount "76"]
[EventDate "2023.07.11"]
[EventType "swiss"]
[EventRounds "9"]
[EventCountry "POL"]
[SourceTitle "EXT 2024"]
[Source "ChessBase"]
[SourceDate "2023.10.10"]
[SourceVersion "1"]
[SourceVersionDate "2023.10.10"]
[SourceQuality "1"]

1. d4 d5 2. Nc3 Nf6 3. Bf4 a6 4. e3 e6 5. Nf3 c5 6. Ne5 Nc6 7. Nxc6 bxc6 8. dxc5 Bxc5 9. Na4 Be7 10. Bd3 Bd7 11. 0-0 0-0 12. c4 Qa5 13. b3 c5 14. Rc1 Rfd8 15. Qc2 Rac8 16. Bg5 h6 17. Bh4 d4 18. e4 e5 19. f4 g5 20. fxg5 Ng4 21. Be1 Qc7 22. gxh6 Ne3 23. Qf2 Nxf1 24. Bxf1 Bf8 25. Bd2 Bxa4 26. bxa4 Rd6 27. Qh4 Kh7 28. Be2 Qe7 29. Bg5 f6 30. Bd2 Rb8 31. Bg4 Rb2 32. Bf5+ Kh8 33. Rd1 Rxa2 34. a5 Qf7 35. g4 Qxc4 36. g5 Rxd2 37. Rf1 Qe2 38. Bh3 Qxh2# 0-1

[Event "Warsaw Najdorf Memorial op-A"]
[Site "Warsaw"]
[Date "2023.07.12"]
[Round "2"]
[White "Biesiadecki, Adam"]
[Black "Bazilius, Augustinas"]
[Result "1/2-1/2"]
[WhiteElo "2015"]
[BlackElo "2110"]
[PlyCount "74"]
[EventDate "2023.07.11"]
[EventType "swiss"]
[EventRounds "9"]
[EventCountry "POL"]
[SourceTitle "EXT 2024"]
[Source "ChessBase"]
[SourceDate "2023.10.10"]
[SourceVersion "1"]
[SourceVersionDate "2023.10.10"]
[SourceQuality "1"]

1. Nf3 Nf6 2. g3 g6 3. Bg2 Bg7 4. 0-0 0-0 5. d4 d5 6. c4 c6 7. cxd5 cxd5 8. Nc3 Nc6 9. Ne5 Bf5 10. Nxc6 bxc6 11. Qa4 Qb6 12. Rd1 Nd7 13. e4 dxe4 14. Bxe4 Bxe4 15. Nxe4 Rfd8 16. b3 c5 17. Be3 cxd4 18. Bxd4 Bxd4 19. Qxd4 Qxd4 20. Rxd4 Nb6 21. Rad1 Rxd4 22. Rxd4 Rc8 23. a4 f5 24. Nd2 e5 25. Rb4 Rc5 26. Kf1 Kf7 27. Ke2 Ke6 28. f3 Rd5 29. Nc4 Rd4 30. a5 Nxc4 31. bxc4 f4 32. gxf4 exf4 33. Rb7 Rxc4 34. Rxh7 a6 35. Ra7 Rc6 36. Kd3 Kd5 37. Rd7+ Ke5 1/2-1/2

[Event "POL-ch U18"]
[Site "Jastrzebia Gora"]
[Date "2023.??.??"]
[Round "5"]
[White "Biesiadecki, Adam"]
[Black "Czernek, Tymon"]
[Result "1-0"]
[WhiteElo "1761"]
[BlackElo "2314"]
[PlyCount "113"]
[EventDate "2023.03.11"]
[EventType "swiss"]
[EventRounds "9"]
[EventCountry "POL"]
[SourceTitle "CBM 213 Extra"]
[Source "ChessBase"]
[SourceDate "2023.05.31"]
[SourceVersion "1"]
[SourceVersionDate "2023.05.31"]
[SourceQuality "1"]

1. d4 Nf6 2. c4 e6 3. Nc3 Bb4 4. e3 0-0 5. Bd3 b6 6. Nge2 d5 7. cxd5 exd5 8. 0-0 Re8 9. Qc2 Bb7 10. Bd2 a6 11. Rac1 Nbd7 12. Rfd1 Nf8 13. Ng3 Ng6 14. Nce2 Bd6 15. Nf5 Rc8 16. Nxd6 Qxd6 17. Bf5 Nd7 18. Bb4 c5 19. dxc5 bxc5 20. Bxd7 Qxd7 21. Bxc5 d4 22. Rxd4 Qc6 23. e4 Nh4 24. Ng3 Qg6 25. b4 h5 26. Qe2 Re5 27. f4 Ree8 28. Qxh5 Qxh5 29. Nxh5 Bxe4 30. Rd2 Bxg2 31. Rxg2 Nxg2 32. Kxg2 Re2+ 33. Kf3 Rxa2 34. Rg1 g6 35. Nf6+ Kg7 36. Nd7 Rd8 37. Rd1 Ra3+ 38. Ke4 f6 39. Rd6 a5 40. Bd4 Re8+ 41. Kd5 axb4 42. Nxf6 Re7 43. Kc4 Rb7 44. Nd5+ Kh7 45. Nxb4 Ra4 46. Bc3 Rc7+ 47. Kb3 Ra3+ 48. Kxa3 Rxc3+ 49. Kb2 Rf3 50. Nd3 Rh3 51. Ne5 Rxh2+ 52. Kc3 Rg2 53. Kd3 Rg3+ 54. Ke4 Rg1 55. Nxg6 Rxg6 56. Re6 Rf6 57. Rxf6 1-0

[Event "POL-ch U18"]
[Site "Jastrzebia Gora"]
[Date "2023.??.??"]
[Round "1"]
[White "Biesiadecki, Adam"]
[Black "Kolodziejski, Piotr"]
[Result "1-0"]
[WhiteElo "1761"]
[BlackElo "2118"]
[PlyCount "77"]
[EventDate "2023.03.11"]
[EventType "swiss"]
[EventRounds "9"]
[EventCountry "POL"]
[SourceTitle "CBM 213 Extra"]
[Source "ChessBase"]
[SourceDate "2023.05.31"]
[SourceVersion "1"]
[SourceVersionDate "2023.05.31"]
[SourceQuality "1"]

1. d4 Nf6 2. c4 e6 3. Nf3 b6 4. g3 Bb7 5. Bg2 Be7 6. 0-0 0-0 7. Re1 c5 8. d5 exd5 9. Nh4 Ne4 10. cxd5 Bxh4 11. Bxe4 Bf6 12. Nc3 d6 13. Bf4 Re8 14. Bg2 a6 15. a4 Qe7 16. Qb3 Nd7 17. Bh3 Ne5 18. Ne4 Reb8 19. Rad1 b5 20. Nxf6+ Qxf6 21. Bxe5 Qxe5 22. e4 bxa4 23. Qc2 Bc8 24. Bxc8 Rxc8 25. f4 Qe8 26. e5 Rab8 27. e6 f6 28. Ra1 Rb4 29. Ra3 Rc7 30. Re4 Rcb7 31. Rxb4 Rxb4 32. Re3 g6 33. e7 Rb7 34. Qe4 Kg7 35. Qe6 Rb6 36. g4 h6 37. g5 f5 38. Qf6+ Kh7 39. gxh6 1-0

[Event "POL-ch U18"]
[Site "Jastrzebia Gora"]
[Date "2023.??.??"]
[Round "7"]
[White "Taranowicz, Michal"]
[Black "Biesiadecki, Adam"]
[Result "1-0"]
[WhiteElo "1900"]
[BlackElo "1761"]
[PlyCount "45"]
[EventDate "2023.03.11"]
[EventType "swiss"]
[EventRounds "9"]
[EventCountry "POL"]
[SourceTitle "CBM 213 Extra"]
[Source "ChessBase"]
[SourceDate "2023.05.31"]
[SourceVersion "1"]
[SourceVersionDate "2023.05.31"]
[SourceQuality "1"]

1. e4 c5 2. Nf3 Nc6 3. Bb5 g6 4. Bxc6 dxc6 5. d3 Bg7 6. h3 e5 7. Be3 b6 8. a4 a5 9. Na3 h6 10. Nc4 Qc7 11. b4 axb4 12. a5 bxa5 13. Bxc5 Bf8 14. Bb6 Qb8 15. Nfxe5 a4 16. Nxc6 Qb7 17. N6a5 Qd7 18. Be3 Rb8 19. 0-0 Bg7 20. Bf4 Ra8 21. Nb6 Rxa5 22. Nxd7 Bxd7 23. d4 1-0

[Event "Krakow Malopolski Cup"]
[Site "Krakow"]
[Date "2022.08.04"]
[Round "2"]
[White "Gornisiewicz, Natalia"]
[Black "Biesiadecki, Adam"]
[Result "0-1"]
[WhiteElo "1375"]
[BlackElo "1784"]
[PlyCount "120"]
[EventDate "2022.08.04"]
[EventType "swiss"]
[EventRounds "9"]
[EventCountry "POL"]
[SourceTitle "CBM 209 Extra"]
[Source "ChessBase"]
[SourceDate "2022.09.30"]
[SourceVersion "1"]
[SourceVersionDate "2022.09.30"]
[SourceQuality "1"]

1. Nf3 Nf6 2. g3 g6 3. Bg2 Bg7 4. 0-0 0-0 5. c4 c6 6. Nc3 d5 7. cxd5 cxd5 8. d4 Nc6 9. e3 Bf5 10. a3 Ne4 11. Nxe4 Bxe4 12. Bd2 b5 13. Rc1 Qb6 14. Ne1 Bxg2 15. Kxg2 a5 16. Nd3 Rfc8 17. Nc5 Ra7 18. f4 e5 19. fxe5 Nxe5 20. Nd7 Rxc1 21. Nxb6 Rxd1 22. Rxd1 Nc4 23. Nxc4 bxc4 24. Re1 f5 25. h3 Kf7 26. h4 Rb7 27. Bc3 Bf8 28. Re2 a4 29. Kf3 Kf6 30. Rh2 Bd6 31. Rf2 Re7 32. Bd2 Re4 33. Ba5 h6 34. Rh2 Rg4 35. Rh3 Re4 36. Rh2 Re8 37. Bc3 Rb8 38. Re2 Rb3 39. Rc2 g5 40. hxg5+ hxg5 41. Ba5 f4 42. gxf4 gxf4 43. Bc3 Kf5 44. exf4 Bxf4 45. Re2 Bd6 46. Re3 Rb8 47. Ke2 Rh8 48. Rf3+ Bf4 49. Rf2 Ke4 50. Ba5 Rh2 51. Rxh2 Bxh2 52. Bb6 Bg1 53. Kd1 Bxd4 54. Bxd4 Kxd4 55. Kd2 Ke4 56. Ke2 d4 57. Kd2 Kf3 58. Kd1 Ke3 59. Ke1 Kd3 60. Kd1 c3 0-1

[Event "POL-ch U16"]
[Site "Sypniewo"]
[Date "2022.03.24"]
[Round "6"]
[White "Biesiadecki, Adam"]
[Black "Goral, Jan"]
[Result "0-1"]
[WhiteElo "1916"]
[BlackElo "1618"]
[PlyCount "140"]
[EventDate "2022.03.19"]
[EventType "swiss"]
[EventRounds "9"]
[EventCountry "POL"]
[SourceTitle "CBM 207 Extra"]
[Source "ChessBase"]
[SourceDate "2022.05.31"]
[SourceVersion "1"]
[SourceVersionDate "2022.05.31"]
[SourceQuality "1"]

1. d4 Nf6 2. Nf3 d6 3. c4 Nbd7 4. Nc3 e5 5. e4 Be7 6. Be2 0-0 7. h3 c6 8. Be3 Qc7 9. 0-0 Re8 10. Qc2 h6 11. a3 a6 12. Rac1 Nf8 13. Rfd1 Ng6 14. b4 Bd7 15. c5 exd4 16. cxd6 Bxd6 17. Rxd4 Be6 18. Na4 Bf4 19. Bxf4 Nxf4 20. Bf1 Nd7 21. Nc5 Nxc5 22. Qxc5 Rad8 23. a4 Bb3 24. b5 axb5 25. axb5 Ne6 26. Rxd8 Rxd8 27. Qc3 Bd1 28. Ne5 Nd4 29. Nxf7 Nxb5 30. Bxb5 Kxf7 31. Bc4+ Kf8 32. e5 Bh5 33. e6 Qe7 34. Qa5 Qg5 35. e7+ Kxe7 36. Re1+ Kf8 37. Qb4+ c5 38. Qxb7 Re8 39. Be6 Qd2 40. Re3 Qd1+ 41. Kh2 Qd6+ 42. Rg3 Rxe6 43. Qxg7+ Ke8 44. Qg8+ Ke7 45. Qc8 Bf7 46. f4 h5 47. Qb7+ Kf6 48. Qf3 Qd4 49. Qa8 Re1 50. Qa6+ Be6 51. Rf3 h4 52. Rf1 Rxf1 53. Qxf1 c4 54. Qc1 c3 55. f5 Kxf5 56. Qc2+ Kg5 57. Qh7 Qe5+ 58. Kg1 Bf5 59. Qg8+ Kf4 60. Qc4+ Ke3 61. Qf1 Kd4 62. Qa1 Qe3+ 63. Kh2 Kd3 64. Qd1+ Ke4 65. Qb1+ Kf4 66. Qb4+ Kg5 67. Qb3 Qf4+ 68. Kh1 c2 69. Qg8+ Bg6 70. Qd5+ Kh6 0-1

[Event "Lezajsk Merlin 1st"]
[Site "Lezajsk"]
[Date "2021.08.06"]
[Round "3"]
[White "Licznerski, Lukasz"]
[Black "Biesiadecki, Adam"]
[Result "1-0"]
[WhiteElo "2401"]
[BlackElo "1833"]
[PlyCount "77"]
[EventDate "2021.08.04"]
[EventType "swiss"]
[EventRounds "9"]
[EventCountry "POL"]
[SourceTitle "CBM 203 Extra"]
[Source "ChessBase"]
[SourceDate "2021.09.30"]
[SourceVersion "1"]
[SourceVersionDate "2021.09.30"]
[SourceQuality "1"]

1. e4 e5 2. Nf3 Nc6 3. Bb5 a6 4. Ba4 Nf6 5. 0-0 b5 6. Bb3 Be7 7. a4 b4 8. d3 d6 9. a5 0-0 10. Nbd2 Bg4 11. h3 Bh5 12. g4 Bg6 13. Nh4 Nd4 14. Ba2 c6 15. c3 bxc3 16. bxc3 Nb5 17. Bb2 Nd7 18. Nf5 Nc5 19. Nc4 Rb8 20. Re1 Kh8 21. d4 Nd7 22. Qf3 f6 23. Re2 Bf7 24. Nce3 Bxa2 25. Rxa2 g6 26. Ng3 Rf7 27. Rd2 Qc7 28. Ne2 Bf8 29. c4 Na7 30. Bc3 Bh6 31. Rd1 Rb3 32. Rad2 exd4 33. Rxd4 Ne5 34. Qg3 Nc8 35. c5 Bf8 36. Nc4 Rd7 37. Nxe5 fxe5 38. cxd6 Bxd6 39. Rxd6 1-0

[Event "Subcarpathian-chT"]
[Site "Bystre"]
[Date "2021.06.10"]
[Round "3.22"]
[White "Karas, Kacper"]
[Black "Biesiadecki, Adam"]
[Result "1-0"]
[WhiteElo "1281"]
[BlackElo "1563"]
[PlyCount "77"]
[EventDate "2021.06.09"]
[EventType "team-tourn"]
[EventRounds "9"]
[EventCountry "POL"]
[SourceTitle "EXT 2022"]
[Source "ChessBase"]
[SourceDate "2021.10.06"]
[SourceVersion "1"]
[SourceVersionDate "2021.10.06"]
[SourceQuality "1"]

1. c4 e5 2. g3 f5 3. Bg2 Nf6 4. Nc3 Bc5 5. e3 Nc6 6. Nge2 e4 7. b3 Ne5 8. 0-0 Nd3 9. Nf4 Nxf4 10. exf4 0-0 11. d3 Bd4 12. Bb2 e3 13. fxe3 Bxe3+ 14. Kh1 Ng4 15. Qf3 c6 16. h3 Qf6 17. Nd5 Qxb2 18. Nxe3 Nxe3 19. Qxe3 a5 20. Qe5 Qd2 21. d4 a4 22. Rfd1 Qc3 23. Qe1 Qb2 24. Rd2 Qc3 25. Rdd1 Qb2 26. Rd2 Qa3 27. Rdd1 d6 28. bxa4 Bd7 29. Qe7 Rf7 30. Qe1 Re8 31. Qf2 Re3 32. Rab1 Rxg3 33. Rxb7 Rxh3+ 34. Kg1 Rd3 35. Rxd3 Qxd3 36. a5 Qd1+ 37. Kh2 Qa4 38. Qe2 c5 39. Rb8+ 1-0